000 00524nam a2200169 a 4500
001 20439
005 20180713214024.0
008 140415s1973 000 0 spa d
041 _aspa
082 _a300.018
_bPAR
100 1 _aPARDINAS, FELIPE
245 1 0 _aMETODOLOGIA Y TECNICAS DE INVESTIGACION EN CIENCIAS :
_bSOCIALES: INTRODUCCION ELEMENTAL
250 _a11a ed.
260 _a[s.l.] :
_bSIGLO VEINTIUNO,
_c1973
300 _a188
650 1 4 _aCIENCIAS SOCIALES
_xMETODOLOGIA
_xINVESTIGACION SOCIAL
999 _c20439
_d20439